[Event "ch-Euro Youth b18"]
[Site "Albena BUL"]
[Date "2011.09.15"]
[Round "5.9"]
[White "Firat,B"]
[Black "Wieczorek,O"]
[Result "1-0"]
[WhiteElo "2387"]
[BlackElo "2321"]

1.e4 c5 2.Nf3 Nc6 3.d4 cxd4 4.Nxd4 Qb6 5.Nb3 Nf6 6.Nc3 e6 7.Bd3 a6 8.O-O d6
9.Kh1 Qc7 10.f4 b5 11.Qe2 Bb7 12.a4 b4 13.Nd1 a5 14.Nf2 Be7 15.Bd2 Rc8 16.Rae1 h5
17.c3 d5 18.e5 Nd7 19.Nd4 bxc3 20.Nb5 Qb8 21.Bxc3 g6 22.Nd6+ Bxd6 23.exd6 d4
24.Bd2 Qxd6 25.Ne4 Qe7 26.f5 gxf5 27.Bg5 Qb4 28.Rxf5 exf5 29.Nd6+ Kf8 30.Be7+ Kg8
31.Nxc8 Nxe7 32.Nxe7+ Kg7 33.Nxf5+ Kf6 34.Qf2  1-0

[Event "2nd Zlatni Rat Open"]
[Site "Bol CRO"]
[Date "2011.09.15"]
[Round "7.8"]
[White "Orak,L"]
[Black "Solic,K"]
[Result "0-1"]
[WhiteElo "2308"]
[BlackElo "2219"]

1.e4 c5 2.Nf3 Nc6 3.d4 cxd4 4.Nxd4 Qb6 5.Nb3 Nf6 6.Nc3 e6 7.Bd3 a6 8.O-O d6
9.Kh1 Be7 10.f4 O-O 11.Qf3 Qc7 12.Bd2 b5 13.a3 Rd8 14.Rae1 Bb7 15.Qh3 h6
16.f5 exf5 17.Nd5 Nxd5 18.exd5 Ne5 19.Ba5 Qb8 20.Bxd8 Qxd8 21.Qxf5 g6 22.Qh3 Bxd5
23.Be4 Be6 24.Qe3 Bg5 25.Qg1 Rc8 26.Nd4 Bc4 27.Rf2 Qb6 28.c3 f5 29.Bxf5 gxf5
30.Rxf5 Bd3 31.Rf2 a5 32.Ne6 Be3 33.Rxe3 Qxe3 34.Rf8+ Rxf8 35.Qxe3 Rf1+  0-1

[Event "11th Josipa Ipavca Mem"]
[Site "Sentjur SLO"]
[Date "2011.09.17"]
[Round "5"]
[White "Suta,Andraz"]
[Black "Bratkovic,Jakob"]
[Result "1/2-1/2"]
[WhiteElo "1724"]
[BlackElo "1856"]

1.e4 c5 2.Nf3 Nc6 3.d4 cxd4 4.Nxd4 Qc7 5.Nc3 e6 6.Be2 a6 7.Nxc6 dxc6 8.O-O Nf6
9.a3 b5 10.Kh1 Bb7 11.f4 h5 12.f5 Rd8 13.Qe1 Ng4 14.Bf4 Bd6 15.Qg3 e5 16.Bg5 f6
17.Bh4 Qf7 18.Bxg4 hxg4 19.Qxg4 Ke7 20.Rf3 b4 21.axb4 Bxb4 22.Bf2 Rd2 23.Rc1 Rg8  1/2-1/2

[Event "ch-Euro Youth g16"]
[Site "Albena BUL"]
[Date "2011.09.18"]
[Round "7.23"]
[White "Foster,Chantelle L"]
[Black "Cemhan,K"]
[Result "0-1"]
[WhiteElo "1727"]
[BlackElo "1888"]

1.e4 c5 2.Nf3 Nc6 3.d4 cxd4 4.Nxd4 Qc7 5.Nc3 e6 6.Be3 a6 7.Qd2 Nf6 8.f3 Bb4
9.g4 h6 10.O-O-O d5 11.g5 hxg5 12.Bxg5 Nxd4 13.Qxd4 Bxc3 14.Qxc3 Qxc3 15.bxc3 dxe4
16.fxe4 Bd7 17.Bxf6 gxf6 18.h4 Rc8 19.Kb2 Bc6 20.Bg2 f5 21.Rde1 fxe4 22.Bxe4 Bxe4
23.Rxe4 Rh5 24.Rb4 Rc7 25.Kb3 Ke7 26.Rg1 Rh7 27.Rg5 f5 28.h5 Kf6 29.Rg6+ Kf7
30.Rg5 Rh6 31.Rh4 Kf6 32.Rg2 e5 33.c4 Rch7 34.Rh1 Rxh5 35.Rhg1 Rh3+ 36.Kb4 e4
37.Rg6+ Ke5 38.Rd1 e3 39.Rd5+ Kf4 40.Re6 Kg4 41.Kc3 f4 42.Rg6+ Kf3 43.Rd3 Re7
44.Rg8 Kf2 45.Rf8 f3 46.Rg8 e2 47.Rd2 Kf1  0-1

[Event "4th Mumbai Mayors Cup"]
[Site "Mumbai IND"]
[Date "2011.09.19"]
[Round "5"]
[White "Aravindh,Chithambaram VR."]
[Black "Akshayraj,K"]
[Result "0-1"]
[WhiteElo "2213"]
[BlackElo "2384"]

1.e4 c5 2.Nf3 Nc6 3.d4 cxd4 4.Nxd4 Qb6 5.Nb3 e6 6.Nc3 Nf6 7.Be3 Qc7 8.a3 a6
9.Bd3 b5 10.O-O d6 11.f4 Bb7 12.g4 h5 13.h3 hxg4 14.hxg4 g5 15.Kg2 gxf4 16.Rxf4 Bh6
17.Bxb5 Bxf4 18.Bxf4 O-O-O 19.Bg5 d5 20.Bxc6 Rh2+ 21.Kf1 Qg3 22.Bxb7+ Kxb7
23.Na5+ Ka8 24.Qd2 Qf3+ 25.Ke1 Rh1+  0-1

[Event "Tatry Open"]
[Site "Tatranske Zruby SVK"]
[Date "2011.09.27"]
[Round "4.11"]
[White "Janousek,P"]
[Black "Banas,J"]
[Result "1/2-1/2"]
[WhiteElo "2185"]
[BlackElo "2318"]

1.e4 c5 2.Nf3 Nc6 3.d4 cxd4 4.Nxd4 Qb6 5.Nxc6 bxc6 6.Bd3 g6 7.O-O Bg7 8.Nd2 Nf6
9.Qf3 O-O 10.Nc4 Qb7 11.e5 Nd5 12.Bg5 f6 13.exf6 Nxf6 14.Qe2 d5 15.Ne5 Qc7
16.Bxf6 exf6 17.Nf3 Bd7 18.Rfe1 Rfe8 19.Qd2 Qb6 20.b3 Bg4 21.Rxe8+ Rxe8 22.Re1 Rxe1+
23.Nxe1 Be6 24.Nf3 Bf8 25.Qf4 Kg7 26.h4 Bf7 27.h5 Qd8 28.hxg6 hxg6 29.Qg4 Qe8
30.Kf1 Qe6 31.Qxe6 Bxe6 32.Nd4 Bd7 33.Ba6 Bc5 34.c3 Kf7 35.Bb7 Bxd4  1/2-1/2

[Event "Campomanes Mem GM"]
[Site "Yangon MYA"]
[Date "2011.09.28"]
[Round "12"]
[White "Nguyen Anh Dung"]
[Black "Mynn Htoo"]
[Result "1-0"]
[WhiteElo "2479"]
[BlackElo "2327"]

1.e4 c5 2.Nf3 Nc6 3.d4 cxd4 4.Nxd4 Qb6 5.Nb3 Nf6 6.Nc3 e6 7.Bd3 a6 8.O-O d6
9.Be3 Qc7 10.Na4 Nd7 11.c4 b6 12.Rc1 Be7 13.Nc3 Nce5 14.Be2 O-O 15.f4 Ng6
16.Nd4 Bf6 17.f5 Bxd4 18.Qxd4 Nge5 19.fxe6 fxe6 20.Nd5 exd5 21.Qxd5+ Nf7
22.Rxf7 Rxf7 23.Qxa8 Nf6 24.c5  1-0

[Event "Sub-Zonal 2.3.4 2011"]
[Site "Pereira COL"]
[Date "2011.09.29"]
[Round "10"]
[White "Rojas Barrero,A"]
[Black "Mendoza,Raf"]
[Result "1-0"]
[WhiteElo "2262"]
[BlackElo "2326"]

1.e4 c5 2.Nf3 Nc6 3.d4 cxd4 4.Nxd4 Qc7 5.Nc3 e6 6.Be3 a6 7.Bd3 Nf6 8.O-O Nxd4
9.Bxd4 Bc5 10.Bxc5 Qxc5 11.Qe2 d6 12.Na4 Qa5 13.b3 b5 14.Nb2 Qc3 15.Rab1 O-O
16.Nd1 Qc5 17.Kh1 Bb7 18.f3 Rac8 19.Ne3 d5 20.e5 Ne4 21.Rbe1 f5 22.exf6 Nxf6
23.Ng4 Rce8 24.Ne5 d4 25.Qf2 Rd8 26.Re2 Qc7 27.Qh4 Bd5 28.Rfe1 g6 29.Qg5 Qg7
30.Rd2 Nh5 31.Bf1 Rc8 32.Nd3 h6 33.Qh4 a5 34.Ne5 Rf4 35.Qf2 b4 36.Bc4 Nf6
37.Qg1 g5 38.Rxd4 Rxd4 39.Qxd4 h5 40.Qb6 Qc7 41.Qe3 Qg7 42.Nd3 Kh8 43.Qd4 g4
44.Bxd5 Nxd5 45.Qe4 Nf6 46.Qxe6 Rf8 47.fxg4 Qxg4 48.Qe5 Kh7 49.h3 Qg7 50.Nf4 Qh6
51.Qf5+ Kg8 52.Re6 Rf7 53.Ra6 Rf8 54.Rxa5 Nh7 55.Qd5+ Kh8 56.Qd4+ Kg8 57.Ne2 h4
58.Re5 Qf6 59.Qg4+ Kh8 60.Qe4 Qf2 61.Re7 Rf5 62.Qg4 Rf7 63.Rxf7 Qxf7 64.Qxh4 Qf1+
65.Ng1 Qb5 66.Qd4+ Kg8 67.Nf3 Qb7 68.Ne5 Nf6 69.Nd3 Nd5 70.Qe4 Qf7 71.Qg4+ Kh8
72.Qh4+ Kg7 73.Qg3+ Kh7 74.Qf3 Qe6 75.Qh5+ Kg7 76.Qe5+ Qxe5 77.Nxe5 Ne3 78.g4  1-0

[Event "20th TCh-CRO 1a"]
[Site "Sibenik CRO"]
[Date "2011.10.04"]
[Round "1.3"]
[White "Fercec,N"]
[Black "Martic,Z"]
[Result "1/2-1/2"]
[WhiteElo "2456"]
[BlackElo "2364"]

1.e4 c5 2.Nf3 Nc6 3.d4 cxd4 4.Nxd4 Qb6 5.c3 Nf6 6.Bd3 g6 7.Nd2 Bg7 8.Nc4 Qc7
9.Nb5 Qb8 10.Qf3 O-O 11.Bf4 d6 12.O-O Bg4 13.Qe3 a6 14.Nba3 b5 15.Nb6 Ra7
16.Nd5 Nxd5 17.exd5 Ne5 18.Be4 Rc8 19.h3 Bd7 20.Bg5 Rb7 21.Nc2 Nc4 22.Qc1 a5
23.a3 Nb6 24.Rb1 Na4 25.Qe3 Be8 26.Nd4 b4 27.Nc6 Bxc6 28.dxc6 Rbc7 29.axb4 axb4
30.cxb4 e6 31.Qa3 Ra7 32.Be3 Nb6 33.Qd3 d5 34.Qb5 dxe4 35.Bxb6 Bd4 36.Bxa7 Qxb5
37.Bxd4 e5 38.Bc3 Rxc6 39.Ra1 Re6 40.Ra5 Qb6 41.Bxe5 f6 42.Bc3 g5 43.Rd1 Kf7
44.Ra8 e3 45.fxe3 Qxe3+ 46.Kh1 Qg3 47.Ra7+ Kg6 48.Rf1 h5 49.Ra5 Qd3 50.Raa1 g4
51.hxg4 hxg4 52.Rad1 Qg3 53.Be1 Qe5 54.Kg1 f5 55.Rd3 Qxb2 56.Bg3 Qxb4 57.Rd5 Qb6+
58.Kh2 Rf6 59.Rfxf5 Rxf5 60.Rd6+ Qxd6 61.Bxd6 Rd5 62.Bc7 Kf5 63.Kg3 Rd3+
64.Kh4 Re3 65.Bd6 Re2 66.Kg3 Kg5 67.Bf4+ Kh5 68.Bc7 Rc2 69.Bd8 Rc3+ 70.Kf4 Rc4+
71.Kg3 Kg6 72.Be7 Kf5 73.Bd6 Rc8 74.Kh4 Rg8 75.Kg3 Rc8 76.Kh4 Rc4 77.Kg3  1/2-1/2

[Event "20th TCh-CRO w"]
[Site "Sibenik CRO"]
[Date "2011.10.06"]
[Round "4.4"]
[White "Purgar,I"]
[Black "Solic,K"]
[Result "0-1"]
[WhiteElo "2164"]
[BlackElo "2219"]

1.e4 c5 2.Nf3 Nc6 3.d4 cxd4 4.Nxd4 Qb6 5.Nb3 Nf6 6.Nc3 e6 7.Be3 Qc7 8.f3 Bb4
9.Qd2 d5 10.a3 Bxc3 11.Qxc3 dxe4 12.O-O-O O-O 13.fxe4 Nxe4 14.Qe1 Qe5 15.Bd3 Nf6
16.Qd2 Nd5 17.Bc5 Rd8 18.Rhf1 b6 19.Rde1 Qc7 20.Bg1 Bb7 21.Qg5 h6 22.Qh4 Ne5
23.Be4 Ba6 24.Bd4 Nd3+ 25.Bxd3 Bxd3 26.Rf2 Bg6 27.Qg4 Rac8 28.Be5 Qxc2+ 29.Rxc2 Rxc2+
30.Kb1 Rxg2+  0-1

[Event "World Amateur Chess Championship"]
[Site "Antalya TUR"]
[Date "2011.10.08"]
[Round "7"]
[White "Bilguun,Sumiya"]
[Black "Akshat,Chandra"]
[Result "1-0"]
[WhiteElo "1976"]
[BlackElo "1995"]

1.e4 c5 2.Nf3 Nc6 3.d4 cxd4 4.Nxd4 Qc7 5.Nc3 e6 6.Be3 a6 7.Qd2 Nf6 8.f3 Bb4
9.Nxc6 bxc6 10.a3 Be7 11.g4 d5 12.g5 Nd7 13.f4 Bb7 14.Bg2 O-O 15.O-O-O Rab8
16.f5 Bc8 17.f6 Qb7 18.b4 Bxb4 19.axb4 Qxb4 20.Qe1 Ne5 21.Rd4 Qb2+ 22.Kd1 c5
23.Bc1 Qb6 24.Ra4 d4 25.Qg3 dxc3 26.Qxe5 Rd8+ 27.Ke2 Bd7 28.Ra1 Bb5+ 29.Kf3 Rbc8
30.Be3 Qc6 31.Rhd1 Rxd1  1-0

[Event "TCh-CZE Extraliga 2011-12"]
[Site "Czech Republic CZE"]
[Date "2011.10.09"]
[Round "2.3"]
[White "Oral,T"]
[Black "Zhigalko,A"]
[Result "1/2-1/2"]
[WhiteElo "2526"]
[BlackElo "2555"]

1.e4 c5 2.Nf3 Nc6 3.d4 cxd4 4.Nxd4 Qb6 5.Nb3 Nf6 6.Bd3 e6 7.O-O Be7 8.c4 d5
9.Nc3 d4 10.c5 Qd8 11.Nb5 O-O 12.Bg5 e5 13.Rc1 Be6 14.Qe1 Nd7 15.Bxe7 Qxe7
16.Nd6 Bxb3 17.axb3 Nxc5 18.Nf5 Nxd3 19.Nxe7+ Nxe7 20.Qa5 Nxc1 21.Rxc1 Rac8
22.Rxc8 Rxc8 23.Kf1 Nc6 24.Qb5 Rc7 25.Qd5 a5 26.g3 Kf8 27.f4 f6 28.h4 Re7
29.f5 h6 30.g4 Ke8 31.Ke1 Nd8 32.Qxa5 Rd7 33.g5 hxg5 34.hxg5 d3 35.g6 Nc6
36.Qa8+ Ke7 37.Kd2 Nd4 38.Kxd3 Nxf5+ 39.Ke2 Nd4+ 40.Ke3 Ne6 41.Qg8 b5 42.Qf7+ Kd6
43.Qe8 Nd4 44.Qf8+ Kc7 45.Qc5+ Kb7 46.Kf2 Rc7 47.Qd5+ Ka7 48.Ke3 Kb6 49.Qd8 Kb7
50.Qd5+ Kb6 51.Qa8 Nc6 52.Kd2 Rd7+ 53.Ke3 Rd8 54.Qa3 Rh8 55.Qd6 Rh6 56.b4 Rxg6
57.Qc5+ Kc7 58.Qxb5 Rg3+ 59.Kd2 Rb3 60.Kc1 Rxb4 61.Qd5 Kb6 62.Kb1 Rd4 63.Qb3+ Nb4
64.Qe6+ Kb5 65.b3 Nc6 66.Qf7 Rb4 67.Ka2 g5 68.Ka3 g4 69.Qg8 Kc5 70.Qxg4 Rb6
71.Qe6 Ra6+ 72.Kb2 Ra7 73.Qxf6 Rd7 74.Kc3 Rd4 75.Qf5 Kb6 76.Qg6 Kc5 77.Qf5 Kb6
78.Qh7 Rb4 79.Qg6 Rd4 80.Qf5 Rb4 81.Qf2+ Rd4 82.Qg1 Kc5 83.Qe3 Nb4 84.Qf2 Nc6
85.Qf8+ Kb6 86.b4 Rxb4 87.Qxb4+ Nxb4 88.Kxb4 Kc6 89.Kc4 Kd6 90.Kb5 Ke7 91.Kc5 Ke6
92.Kc6 Ke7 93.Kd5 Kd7 94.Kxe5 Ke7 95.Kd5 Kd7 96.e5 Ke7 97.e6 Ke8 98.Kd6 Kd8
99.e7+ Ke8 100.Ke6  1/2-1/2

[Event "TCh-MNE 1st League"]
[Site "Tivat MNE"]
[Date "2011.10.10"]
[Round "3.2"]
[White "Todorovic,J"]
[Black "Miladinovic,I"]
[Result "1/2-1/2"]
[WhiteElo "2420"]
[BlackElo "2560"]

1.e4 c5 2.Nf3 Nc6 3.d4 cxd4 4.Nxd4 Qc7 5.Nb5 Qb8 6.Bd3 a6 7.N5c3 e6 8.O-O b5
9.Be3 Qc7 10.Nd2 Bb7 11.f4 Na5 12.Kh1 h5 13.Qe2 h4 14.Rf3 h3 15.Rxh3 Rxh3
16.gxh3 Nf6 17.Kg1 Qc6 18.a4 b4 19.Nd1 d5  1/2-1/2

[Event "TCh-MNE 1st League"]
[Site "Tivat MNE"]
[Date "2011.10.14"]
[Round "7.2"]
[White "Roganovic,Milo"]
[Black "Djukic,Ni"]
[Result "1/2-1/2"]
[WhiteElo "2480"]
[BlackElo "2493"]

1.e4 c5 2.Nf3 Nc6 3.d4 cxd4 4.Nxd4 Qc7 5.Nc3 e6 6.Be3 a6 7.Bd3 Nf6 8.O-O Ne5
9.Nf3 d6 10.Nxe5 dxe5 11.Na4 Nd7  1/2-1/2

[Event "II Oliver Gonzalez Memorial"]
[Site "Madrid ESP"]
[Date "2011.10.16"]
[Round "9.11"]
[White "Semprun Martinez,F"]
[Black "Moreno Tejera,E"]
[Result "0-1"]
[WhiteElo "2204"]
[BlackElo "2280"]

1.e4 c5 2.Nf3 Nc6 3.d4 cxd4 4.Nxd4 Qb6 5.Nb3 Nf6 6.Nc3 e6 7.Qe2 Bb4 8.Bd2 O-O
9.a3 Bxc3 10.Bxc3 e5 11.O-O-O Qc7 12.g4 d6 13.g5 Ne8 14.f4 exf4 15.Qf3 Be6
16.Nd4 Rd8 17.Qxf4 Qe7 18.Bg2 Ne5 19.Nf5 Qc7 20.Nxd6 Ng6  0-1

[Event "TCh-FIN SM-Liiga 2011-12"]
[Site "Vantaa FIN"]
[Date "2011.10.16"]
[Round "4.1"]
[White "Agopov,M"]
[Black "Kanep,M"]
[Result "0-1"]
[WhiteElo "2445"]
[BlackElo "2504"]

1.e4 c5 2.Nf3 Nc6 3.d4 cxd4 4.Nxd4 Qb6 5.Nb3 Nf6 6.Nc3 e6 7.Qe2 Bb4 8.Bd2 O-O
9.a3 Be7 10.O-O-O d5 11.e5 Nd7 12.f4 a6 13.Qh5 Rd8 14.Bd3 Nf8 15.Rhf1 Qc7
16.Kb1 b5 17.Rf3 g6 18.Qh6 b4 19.axb4 Nxb4 20.g4 Nxd3 21.Rxd3 a5 22.f5 exf5
23.Nxd5 Rxd5 24.Rxd5 a4 25.Nd4 fxg4 26.e6 Nxe6 27.Bc3 Bf8 28.Nxe6 Bxe6 29.Qe3 Bxd5
30.Qd4 Ba2+ 31.Kxa2 f6 32.Qxf6 Qf7+ 33.Qxf7+ Kxf7 34.Rd7+ Kg8 35.b4 axb3+
36.Kxb3 Re8 37.Bd2 h5 38.Kc3 Bg7+ 39.Kd3 Be5 40.Ke2 Bxh2+ 41.Kf1 Rc8 42.Bh6 Rxc2
43.Rg7+ Kh8 44.Rxg6 Kh7  0-1

[Event "XXIX Balaton Open A"]
[Site "Heviz HUN"]
[Date "2011.10.18"]
[Round "1"]
[White "Szurovszky,E"]
[Black "Czebe,A"]
[Result "0-1"]
[WhiteElo "2124"]
[BlackElo "2513"]

1.e4 c5 2.Nf3 Nc6 3.d4 cxd4 4.Nxd4 Qb6 5.Nb3 e6 6.Be3 Qc7 7.Nc3 a6 8.f4 b5
9.a3 Bb7 10.Be2 Na5 11.Nxa5 Qxa5 12.O-O Qc7 13.Bf3 Bc5 14.Qe2 Ne7 15.Bxc5 Qxc5+
16.Kh1 Rc8 17.e5 Bxf3 18.Qxf3 Nf5 19.Rad1 h5 20.Rd2 Qa7 21.Rfd1 Rc7 22.Ne4 h4
23.Nd6+ Nxd6 24.Rxd6 g6 25.c3 h3 26.g4 Kd8 27.R1d4 Kc8 28.Kg1 Kb8 29.Kf1  0-1

[Event "1st WCGD"]
[Site "Dresden GER"]
[Date "2011.10.28"]
[Round "5"]
[White "Denisov,Sergei"]
[Black "Gruender,M"]
[Result "1-0"]
[WhiteElo "2183"]
[BlackElo "1999"]

1.e4 c5 2.Nf3 Nc6 3.d4 cxd4 4.Nxd4 Qb6 5.Nxc6 Qxc6 6.Bd3 Nf6 7.Qe2 e6 8.O-O a6
9.Nd2 Be7 10.e5 Nd5 11.Qg4 O-O 12.c4 Nb4 13.Bb1 Qc7 14.Nf3 f5 15.exf6 Bxf6
16.Qh5 g6 17.Bxg6 hxg6 18.Qxg6+ Bg7 19.Bh6 d5 20.Ng5  1-0

[Event "26th Le Touquet Open"]
[Site "Le Touquet FRA"]
[Date "2011.10.28"]
[Round "9.4"]
[White "Cioara,A"]
[Black "Lazarev,V"]
[Result "1-0"]
[WhiteElo "2436"]
[BlackElo "2431"]

1.e4 c5 2.Nf3 Nc6 3.d4 cxd4 4.Nxd4 Qc7 5.Nc3 e6 6.g3 a6 7.Bg2 d6 8.O-O Nf6
9.a4 Be7 10.Be3 O-O 11.f4 Re8 12.Kh1 Nd7 13.g4 Nxd4 14.Bxd4 b6 15.g5 Bb7
16.Qh5 Bf8 17.Rf3 e5 18.fxe5 Nxe5 19.Rh3 h6 20.gxh6 g6 21.Qh4 Re6 22.Rf1 b5
23.Rhf3 Qe7 24.Qh3 Bc6 25.h7+ Kh8 26.Rxf7  1-0

[Event "US Chess League 2011"]
[Site "ICC INT"]
[Date "2011.11.02"]
[Round "10"]
[White "Fisher,William"]
[Black "Gershenov,B"]
[Result "1-0"]
[WhiteElo "2164"]
[BlackElo "2173"]

1.e4 c5 2.Nf3 Nc6 3.d4 cxd4 4.Nxd4 Qb6 5.Nb3 Nf6 6.Nc3 e6 7.Bd3 a6 8.Be3 Qc7
9.O-O Be7 10.a4 O-O 11.a5 d6 12.Bb6 Qb8 13.Qe2 Nd7 14.Na4 Bf6 15.f4 Nb4 16.c3 Nxd3
17.Qxd3 Bd8 18.Rad1 Nxb6 19.Nxb6 Bxb6+ 20.axb6 d5 21.exd5 exd5 22.f5 Qd6
23.f6 gxf6 24.Qd4 Qe5 25.Rxf6 Qxd4+ 26.Rxd4 Re8 27.Rxd5 Kg7 28.Rf4 Re6 29.Rg5+ Kf8
30.Rgf5 Rxb6 31.Rxf7+ Kg8 32.Nc5 Rxb2 33.Rf8+ Kg7 34.R4f7+ Kg6 35.Nd3 Rb1+
36.Kf2 Rb6 37.Ne5+ Kh6 38.Rh8 Rb2+ 39.Ke3  1-0

[Event "38th ch-IND w 2011"]
[Site "Chennai IND"]
[Date "2011.11.03"]
[Round "6"]
[White "Harini,S"]
[Black "Swathi,G"]
[Result "0-1"]
[WhiteElo "2055"]
[BlackElo "2278"]

1.e4 c5 2.Nf3 Nc6 3.d4 cxd4 4.Nxd4 Qb6 5.Nb3 Nf6 6.Nc3 e6 7.Be3 Qc7 8.f4 d6
9.Be2 a6 10.O-O b5 11.a3 Bb7 12.Bf3 Be7 13.Kh1 Rd8 14.Qe1 O-O 15.Rd1 Nd7
16.g4 b4 17.axb4 Nxb4 18.Qf2 Bf6 19.Nd4 g6 20.f5 exf5 21.gxf5 Ne5 22.fxg6 hxg6
23.Be2 Bg7 24.Bg5 Rde8 25.Bf6 Bxf6 26.Qxf6 Qe7 27.Qxe7 Rxe7 28.Kg1 Nd7 29.Nb3 d5
30.exd5 Nxd5 31.Nxd5 Rxe2 32.Rf2 Re5 33.Rfd2 Kg7 34.c4 Rg5+ 35.Rg2 Re5 36.Rgd2 Re4
37.Rd4 Rxd4 38.Nxd4 Ne5 39.b3 Rd8 40.Ne2 a5 41.Nec3 Rb8 42.Nb5 a4 43.bxa4 Nxc4
44.Ndc7 Bc6 45.Rc1 Ne5 46.Kf1 Rh8 47.Rc5 Kf6 48.Rc2 Rh4 49.a5 Ra4 50.a6 Bxb5+
51.Nxb5 Rxa6 52.Nd4 Ng4 53.Rd2 Rd6 54.Kg1 Ne5 55.Kg2 Ra6 56.Rf2+ Kg7 57.Rd2 Ra3
58.Nb5  0-1

[Event "TCh-AUT 2 Ost 2011-12"]
[Site "Vienna AUT"]
[Date "2011.11.05"]
[Round "3"]
[White "Salamon,W"]
[Black "Leitner,G"]
[Result "1/2-1/2"]
[WhiteElo "2147"]
[BlackElo "2234"]

1.e4 c5 2.Nf3 Nc6 3.d4 cxd4 4.Nxd4 Qb6 5.Nb3 Nf6 6.Nc3 e6 7.Be3 Qc7 8.g3 a6
9.Bg2 Be7 10.O-O d6 11.a4 b6 12.Qe2 Bb7 13.h3 O-O 14.f4 Rac8 15.Qf2 Nd7 16.Kh2 Nc5
17.Nd4 Bf6 18.Rad1 Ba8 19.Rd2 Qb8 20.Rfd1 Rfd8 21.Qe2 Nb4 22.Bg1 e5 23.fxe5 dxe5
24.Nf5 Rxd2 25.Rxd2 Rd8 26.b3 a5 27.Nd5 Nxd5 28.exd5 g6 29.Nh6+ Kg7 30.Ng4 Qd6
31.Qe3 h5 32.Qh6+  1/2-1/2

[Event "WYCC U18 Open"]
[Site "Caldas Novas BRA"]
[Date "2011.11.18"]
[Round "1"]
[White "Ter Sahakyan,S"]
[Black "Cutipa,El"]
[Result "1-0"]
[WhiteElo "2556"]
[BlackElo "2114"]

1.e4 c5 2.Nf3 Nc6 3.d4 cxd4 4.Nxd4 Qb6 5.Nb3 Nf6 6.Nc3 e6 7.Be3 Qc7 8.f4 d6
9.Qf3 a6 10.O-O-O Be7 11.g4 b5 12.g5 Nd7 13.h4 Bb7 14.h5 d5 15.g6 dxe4 16.gxf7+ Kxf7
17.Qg3 Bf6 18.Qh3 Nd8 19.Rh2 Bxc3 20.bxc3 Bd5 21.Nd4 Nf6  1-0

[Event "WYCC U18 Girls"]
[Site "Caldas Novas BRA"]
[Date "2011.11.18"]
[Round "1"]
[White "Kashlinskaya,A"]
[Black "Orlova,Y"]
[Result "1-0"]
[WhiteElo "2377"]
[BlackElo "1956"]

1.e4 c5 2.Nf3 Nc6 3.d4 cxd4 4.Nxd4 Qb6 5.Nb3 g6 6.Be3 Qb4+ 7.Nc3 Bg7 8.Bd3 Bxc3+
9.bxc3 Qxc3+ 10.Bd2 Qe5 11.O-O Qc7 12.f4 d6 13.Qe2 Nf6 14.c4 O-O 15.Rac1 b6
16.Bc3 Nd7 17.Bb1 a5 18.h4 a4 19.Nd2 e5 20.f5 f6 21.Rf2 Nc5 22.Nf1 Bb7 23.Ne3 Nd4
24.Qg4 Qg7 25.Rd1 h5 26.Qh3 Bxe4 27.fxg6 Qxg6 28.Bxd4 exd4 29.Nf5 Ra7 30.Bxe4 Nxe4
31.Rb2 Re8 32.Rxd4 Re5 33.Rd5 Nc3 34.Rxe5 dxe5 35.Rf2 Ne4 36.Qd3  1-0

[Event "III Tancat IM"]
[Site "Barcelona ESP"]
[Date "2011.11.19"]
[Round "8"]
[White "Martinez Ramirez,E"]
[Black "Rojas Keim,L"]
[Result "0-1"]
[WhiteElo "2301"]
[BlackElo "2408"]

1.e4 c5 2.Nf3 Nc6 3.d4 cxd4 4.Nxd4 Qb6 5.Nb3 Nf6 6.Nc3 e6 7.Bd3 a6 8.O-O Qc7
9.f4 b5 10.a4 b4 11.Na2 Bb7 12.Qe1 Be7 13.Bd2 O-O 14.Kh1 Rab8 15.c3 bxc3
16.Bxc3 d5 17.e5 Ne4 18.Bxe4 dxe4 19.Nd2 Qd7 20.Nxe4 Qd5 21.Nf6+ Bxf6 22.exf6 Nd4
23.Qd2 Rfd8 24.Nb4 Qe4 25.Qf2 a5 26.Rad1 Ne2 27.Rde1 Nxc3 28.bxc3 Qg6 29.Nc2 Ba6
30.Rg1 Rb2 31.Qa7 Bb7 32.Ne3 gxf6 33.f5 exf5 34.Rb1 Rxb1 35.Rxb1 f4 36.Qxb7 fxe3
37.Re1 Qd3 38.Qf3 Qxc3 39.Qg3+ Kh8 40.h3 Re8 41.Kh2 Qd4 42.Qf3 Qe5+ 43.Qg3 Qe4
44.Qd6 Kg7 45.Qc7 Re6 46.Qxa5 Qf4+ 47.Kh1 e2 48.Qb5 Qf2 49.Qb1 Rd6 50.Qc1 Qxe1+  0-1

[Event "WYCC U14 Girls"]
[Site "Caldas Novas BRA"]
[Date "2011.11.19"]
[Round "2"]
[White "Tlale,Tshepang"]
[Black "Beinenson,Katsiaryna"]
[Result "0-1"]
[WhiteElo "1769"]
[BlackElo "1921"]

1.e4 c5 2.Nf3 Nc6 3.d4 cxd4 4.Nxd4 Qb6 5.Nb3 Nf6 6.Nc3 e6 7.Be3 Qc7 8.a3 Be7
9.f4 d6 10.Be2 a6 11.O-O O-O 12.g4 b5 13.Bd3 Nd7 14.g5 Nb6 15.Qh5 Nc4 16.Bc1 Qa7+
17.Kh1 Nd4 18.Nxd4 Qxd4 19.Ne2 Qa7 20.Rf3 g6 21.Qh4 f5 22.Rh3 Rf7 23.Nc3 Bb7
24.b3 Qd4 25.Qe1 fxe4 26.Bxe4 Bxe4+ 27.Qxe4 Qxe4+ 28.Nxe4 Nb6 29.Be3 Nd5
30.Rf1 Raf8 31.Kg2 Nxf4+ 32.Bxf4 Rxf4 33.Nf6+ R8xf6 34.gxf6 Rxf6 35.Rd1 d5
36.b4 Rf4 37.Re3 Kf7 38.Rde1 Rf6 39.Rc3 h6 40.Rc7 Ke8 41.Ra7 Kf7 42.Rxa6 e5
43.Ra7 Ke6 44.Rb7 Rf4 45.Rxb5 Rc4 46.Re2 e4 47.Rb6+ Bd6 48.Kf1 Ke5 49.Rg2 g5
50.Ke1 d4 51.Kd2 e3+ 52.Kd1 Rc3 53.Ra6 Be7 54.Rg4 Bd8 55.Ra8 Bb6 56.Ra6 Kf5
57.Rg1 Bc7 58.h3 Ke4 59.Rf1 Be5 60.b5 d3 61.Ra4+ Bd4 62.cxd3+ Kxd3 63.Rf3 Rb3
64.Rb4 Rxa3 65.Rb1 Ke4 66.Rf8 Ra2 67.Re8+ Kf3 68.Rf8+ Kg2 69.Rb3 e2+ 70.Ke1 Bb6
71.Rf6 Ba5+ 72.Rc3 Rc2 73.Rf2+ Kg1 74.Rxe2 Bxc3+ 75.Kd1 Rxe2 76.Kxe2 Kg2
77.Kd3 Ba5  0-1

[Event "3rd Pilsen Open"]
[Site "Plzen CZE"]
[Date "2011.11.19"]
[Round "1"]
[White "Latreche,K"]
[Black "Kourousis,E"]
[Result "0-1"]
[WhiteElo "1936"]
[BlackElo "2277"]

1.e4 c5 2.Nf3 Nc6 3.d4 cxd4 4.Nxd4 Qb6 5.Nb3 Nf6 6.Nc3 e6 7.Be3 Qc7 8.a3 a6
9.Be2 d6 10.O-O Be7 11.f4 b5 12.Bf3 O-O 13.Qe1 Rb8 14.Qg3 b4 15.axb4 Nxb4
16.Qf2 Bb7 17.Bb6 Qc8 18.Rfd1 d5 19.e5 Ne4 20.Bxe4 dxe4 21.Rac1 Nd5 22.Nxd5 Bxd5
23.c4 Bc6 24.Na5 Ba4 25.c5 Bxd1 26.Rxd1 Rxb6  0-1

[Event "25th Belgrade Trophy"]
[Site "Obrenovac SRB"]
[Date "2011.11.24"]
[Round "1.34"]
[White "Zivanovic,D"]
[Black "Posedaru,B"]
[Result "0-1"]
[WhiteElo "1910"]
[BlackElo "2342"]

1.e4 c5 2.Nf3 Nc6 3.d4 cxd4 4.Nxd4 Qb6 5.c3 Nf6 6.f3 e6 7.Nb3 d5 8.exd5 Nxd5
9.Bc4 Be7 10.Bxd5 exd5 11.Qd3 O-O 12.Be3 d4 13.cxd4 Nb4 14.Qd2 Qa6 15.Nc3 Bf5
16.Ne2 Nd3+ 17.Kf1 Rfe8 18.g4 Bg6 19.Kg2 Bd6 20.Nbc1 Nxb2 21.Qxb2 Rxe3 22.Qd2 Ree8
23.Rf1 Rac8 24.Rf2 Ba3  0-1

[Event "3rd Pilsen Open"]
[Site "Plzen CZE"]
[Date "2011.11.25"]
[Round "8"]
[White "Fiala,R"]
[Black "Kourousis,E"]
[Result "0-1"]
[WhiteElo "2288"]
[BlackElo "2277"]

1.e4 c5 2.Nf3 Nc6 3.d4 cxd4 4.Nxd4 Qb6 5.Nb5 a6 6.Be3 Qd8 7.N5c3 e6 8.Nd2 Nf6
9.a4 Bb4 10.Bd3 O-O 11.O-O Ne5 12.Be2 Qc7 13.Kh1 d5 14.f4 Nc6 15.e5 d4 16.exf6 dxe3
17.Nde4 g6 18.Qe1 Rd8 19.Bd3 Nd4 20.Qxe3 Bf8 21.Ng5 h6 22.Nge4 b6 23.g4 Bb7
24.h4 Ra7 25.Kh2 Kh8 26.Ng3 Bc5 27.f5 Nxf5 28.Qe1 Nxg3  0-1

[Event "21st World Seniors"]
[Site "Rijeka CRO"]
[Date "2011.11.26"]
[Round "11.15"]
[White "Gruzmann,B"]
[Black "Danner,G"]
[Result "1/2-1/2"]
[WhiteElo "2268"]
[BlackElo "2406"]

1.e4 c5 2.Nf3 Nc6 3.d4 cxd4 4.Nxd4 Qb6 5.Nb3 Nf6 6.Nc3 e6 7.Bd3 a6 8.O-O d6
9.a4 Qc7 10.f4 b6 11.Qe2 Be7 12.Bd2 Bb7 13.Rae1 O-O 14.e5 dxe5 15.fxe5 Nd7
16.Bf4 g6 17.Nd2 Nb4 18.Be4 Rac8 19.Bxb7 Qxb7 20.Nde4 b5 21.axb5 axb5 22.Bh6 Nxc2
23.Qxc2 b4 24.Qb3 Qb6+ 25.Be3 Qc6 26.Bd4 bxc3 27.bxc3 Nc5 28.Qc4 Nxe4 29.Qxc6 Rxc6
30.Rxe4 h5 31.h4 Bd8 32.Ref4 Bc7 33.R4f3 Bb8 34.g3 Rc7 35.Kg2 Rb7 36.Kh3 Rd8
37.g4 hxg4+ 38.Kxg4 Rd5 39.Re3 Rbb5 40.Rfe1 Bc7 41.Re4 Rd8 42.Rf1 Kg7 43.Ref4 Rd7
44.Re4 Rb8 45.Ra1 Bd8 46.Rf1 Be7 47.Ref4 Ba3 48.Ra1 Rb3 49.Rf3 Rc7 50.Kf4 Bc5
51.Rd1 Be7 52.Kg4 Rb2 53.Rdf1 Bd8 54.R1f2 Rb3 55.Rf1 Ra3 56.R1f2 Rb7 57.Rf1 Ba5
58.Rg1 Ra4 59.Kh3 Rc7 60.h5 Rc8 61.Rgf1 Rc7 62.hxg6 fxg6 63.Rg1 Rf7 64.Rfg3 Rc4
65.Rxg6+ Kf8 66.Rg8+ Ke7 67.R1g3 Kd7 68.Kg2 Kc6 69.Ra8 Bc7 70.Rf3 Rg7+ 71.Kf2 Bb6
72.Ra6 Rb7 73.Rf6 Kb5 74.Rxb6+ Rxb6 75.Bxb6 Kxb6 76.Rxe6+ Kc7 77.Ke3 Rxc3+
78.Kd4 Rc1  1/2-1/2

[Event "TCh-SVK Extraliga 2011-12"]
[Site "Slovakia SVK"]
[Date "2011.11.27"]
[Round "4"]
[White "Meszaros,Mi"]
[Black "Jurcik,Mari"]
[Result "1/2-1/2"]
[WhiteElo "2377"]
[BlackElo "2474"]

1.e4 c5 2.Nf3 Nc6 3.d4 cxd4 4.Nxd4 Qb6 5.Nb3 Nf6 6.Nc3 e6 7.Be3 Qc7 8.a3 a6
9.f4 d6 10.g4 h6 11.Bg2 Be7 12.h4 h5 13.g5 Ng4 14.Bg1 b5 15.Ne2 Bb7  1/2-1/2

[Event "80th Anniversary Mollet IM"]
[Site "Mollet del Valles ESP"]
[Date "2011.12.09"]
[Round "4"]
[White "Capellades Subirana,M"]
[Black "Rojas Keim,L"]
[Result "0-1"]
[WhiteElo "2314"]
[BlackElo "2397"]

1.e4 c5 2.Nf3 Nc6 3.d4 cxd4 4.Nxd4 Qb6 5.Nb3 Nf6 6.Nc3 e6 7.Be3 Qc7 8.a3 a6
9.Bd3 b5 10.O-O Be7 11.f4 d6 12.Nd4 Nxd4 13.Bxd4 Bb7 14.Qe2 O-O 15.e5 Ne8
16.Ne4 Rd8 17.c3 dxe5 18.fxe5 g6 19.Nf6+ Nxf6 20.exf6 Bd6 21.Be4 Bxh2+ 22.Kh1 Bxe4
23.Qxe4 Rd5 24.Rf3 Rh5 25.Qg4 Be5+ 26.Rh3 Rxh3+ 27.Qxh3 Bxd4 28.Rf1 Bxf6
29.Rxf6 Rd8 30.Qg4 Rd5 31.Rf4 Rh5+ 32.Kg1 Qc5+ 33.Kf1 Qe3  0-1